1070 1301 1381 1765 1702 1630 1347 1123 1353 1431 1163 1138 1787 1668 1946 1343 1940 1278 1764 1352 1806 1345 1606 1996 1545 1771 1869 1378 1624 1454 1705 1586 1440 1965 1908 1669 1299 1866 1483 1864 1286 1738 1543 1812 1162 1738 1062 1511 1188 1707 1793 1808 1391 1997 1534 1903 1495 1977 1757 1206 1053 1785 1267 1618 1771 1550 1701 1655 1032 1966 1513 1387 1509 1046 1150 1184 1196 1319 1265 1919 1262 1600 1828 1054 1907 1426 1889 1427 1176 1663 1726 1530 1817 1385 1786 1117 1774 1010 1972 BCNSPRNW ULIB Ver.6.0+V

เปลี่ยนเป็นภาษาไทย

Change to English
 แสดงรายละเอียดบรรณานุกรม
  กลับหน้าหลัก

Brief Record : Get Marc (ISO 2709) : E-mail record : QR code < ปิดหน้าต่าง
LEADER : 00000nam 2200000uu 4500
001    13399121972
003     ULIB
008    121217s2549||||th 000 0 tha d
020    ^a9749781155
060  4 ^aWF140^bม335ก 2549
245 00 ^aการบริบาลทางเภสัชกรรมในผู้ป่วยโรคระบบทางเดินหายใจ =^bPharmaceutical care in respiratory disease patients /^cบรรณาธิการ, มัณฑนา ภาณุมาภรณ์, ศิรประภา ทับทิม
246 31 ^aPharmaceutical care in respiratory disease patients
250    ^aพิมพ์ครั้งที่ 1
260    ^aสมุทรปราการ :^bคณะเภสัชศาสตร์มหาวิทยาลัยหัวเฉียวเฉลิมพระเกียรติ,^c2549
300    ^aก-ช, 221 หน้า :^bภาพประกอบ ;^c26 ซม.
500 หน ^aังสือประกอบการประชุมวิชาการด้านการบริบาลทางเภสัชกรรมครั้งที่ 7 เรื่อง "ความก้าวหน้าทางเภสัชวิทยาบำบัดในผู้ป่วยโรคระบบทางเดินหายใจ" 2549 จัดโดย คณะเภสัชศาสตร์ มหาวิทยาลัยหัวเฉียวเฉลิมพระเกียรติ
504    ^aมีบรรณานุกรมและดรรชนี
650  2 ^aRespiratory Tract Infcetions
650  2 ^aRespiratory Tract Diseases^xdrug therapy
650  2 ^aLung Diseases Obstructive
650  7 ^aทางเดินอากาศหายใจ, โรค^xการรักษาด้วยยา
650  7 ^aทางเดินอากาศหายใจ, การติดเชื้อ^xการรักษาด้วยยา
650  7 ^aปอด, โรคเกิดจากการอุดกั้น^xการรักษาด้วยยา
650  7 ^aการบริบาบาลทางเภสัชกรรม^vการประชุม
700 0  ^aศิรประภา ทับทิม,^eบรรณาธิการ
700 0  ^aมัณฑนา ภาณุมาภรณ์,^eบรรณาธิการ
710 2  ^aมหาวิทยาลัยหัวเฉียวเฉลิมพระเกียรติ. ^bคณะเภสัชศาสตร์
740 12 ^a การประชุมวิชาการด้านการบริบาลทางเภสัชกรรม^n(ครั้งที่ 7 :2549 : คณะเภสัชศาสตร์ มหาวิทยาลัยหัวเฉียวเฉลิมพระเกียรติ)
945    ^p0^l0^i16590
995    ^aกัณชพร
999 ^a ใช้งานได้ทุกระบบ
รายการนี้ยังไม่มีแท็ก
คุณยังไม่ได้ล็อกอิน คุณสามารถมีกิจกรรมร่วมกับเว็บไซต์ได้ แต่ต้องล็อกอินก่อน ::
  ล็อกอิน

รายการสื่อสารสนเทศ

ลำดับที่ ประเภท เลขเรียก/บาร์โค้ด สถานที่ สถานะ
1. วิทยาศาสตร์การแพทย์ และสุขภาพ
วิทยาศาสตร์การแพทย์ และสุขภาพ
WF140 ม335ก 2549  
  Barcode: 16590
ห้องสมุดวิทยาเขตสวรรค์ประชารักษ์
►หนังสือทั่วไป
บนชั้น

BibComment


ยังไม่เคยถูกคอมเมนท์

คอมเมนท์ทรัพยากรรายการนี้
  คอมเมนท์: การบริบาลทางเภสั..


 Copyright 2026. Bcnsprnw @Library